000 01142cam a2200289 a 4500
999 _c3620
_d3620
001 000852186
003 OSt
005 20240313095113.0
008 181026s2014 enk j g 000 f eng d
020 _a9781405268004
_q(pbk.) :
040 _aUKMGB
_beng
_cNTL
_dNTL
_dKH8
_eaacr2
042 _anbic
043 _ae------
_aaw-----
_aff-----
082 0 _a823.92 BUX
100 1 _aBuxton, J. P.
_q(Jamie P.)
_eauthor.
245 1 0 _aTemple boys /
_cJamie Buxton.
260 _aLondon :
_bEgmont,
_cc2014.
300 _a325 pages ;
_c20 cm.
336 _atext
_btxt
_2rdacontent.
337 _aunmediated
_bn
_2rdamedia.
338 _avolume
_bnc
_2rdacarrier.
520 _aFlea is the smallest, mouthiest member of the Temple Boys - a street gang who fight daily to survive in a place where nobody cares a jot for them, especially not the Romans who are in charge of the place. When the Magician comes to town, Flea and the gang reckon they can get the better of him, no problem. All is not as it seems.
650 0 _aStreet children
_vJuvenile fiction.
650 0 _aGangs
_vJuvenile fiction.
650 0 _aBildungsromans.
942 _2ddc
_cFIC